Steve Dahl podcast staff Quiz Stats

 Plays Quiz not verified by Sporcle

Challenge
Share
Tweet
Embed
Score 0/7 Timer 02:00
0 Plays Today
Position % Correct
HostSteve Dahl
100%
ProducerMary Van Daele
66.7%
On Sight ReporterBrendan Greely
66.7%
Personal AssistantStephanie Fallara
66.7%
Technical HelpEdward Silha
55.6%
The ControlsPete Zimmerman
55.6%
Show LogJim Ruffatto
55.6%

You're not logged in!

Compare scores with friends on all Sporcle quizzes.
Join for Free
OR
Log In

You Might Also Like...

Show Comments

Extras

Created Dec 7, 2010ReportNominate
Tags:Football Quiz, dahl, podcast, staff, steve

Top Quizzes Today


Score Distribution

Your Account Isn't Verified!

In order to create a playlist on Sporcle, you need to verify the email address you used during registration. Go to your Sporcle Settings to finish the process.

Report this User

Report this user for behavior that violates our Community Guidelines.

Details: